Statistics for 2022 Commonwealth Games - Top 10 Gold Medal Winners

Click here to take the quiz!

General Stats

  • This quiz has been taken 34 times
  • The average score is 8 of 10

Answer Stats

goldtotalcountry% Correct
67178Australia
93%
2692Canada
90%
57176England
90%
2049New Zealand
90%
2261India
83%
1351Scotland
83%
828Wales
80%
727South Africa
70%
723Malaysia
63%
1235Nigeria
53%

Score Distribution

Percentile by Number Answered

Percent of People with Each Score

Your Score History

You have not taken this quiz